[Event "EU-ch Schools U15"]
[Site "Tornelo INT"]
[Date "2021.12.04"]
[Round "4"]
[White "Sida, Flavius Ovidiu"]
[Black "Tarling, Adam"]
[Result "0-1"]
[WhiteElo "1366"]
[BlackElo "1384"]
[PlyCount "62"]
[EventDate "2021.12.03"]
[EventType "swiss (rapid)"]
[EventRounds "7"]
[EventCountry "NET"]
[SourceTitle "EXT 2023"]
[Source "ChessBase"]
[SourceDate "2022.10.05"]
[SourceVersion "1"]
[SourceVersionDate "2022.10.05"]
[SourceQuality "1"]

1. d4 Nf6 2. c4 e6 3. Nc3 Bb4 4. a3 Bxc3+ 5. bxc3 0-0 6. Nf3 b6 7. Bf4 Bb7 8. e3 d5 9. Be2 c5 10. 0-0 Ne4 11. Qc2 Nd7 12. Bd3 Ndf6 13. Ne5 Rc8 14. f3 Nd6 15. cxd5 c4 16. Be2 Nxd5 17. Bg3 Nxe3 18. Qd2 Nxf1 19. Rxf1 Nf5 20. Bf4 Bd5 21. g4 Ne7 22. h4 f6 23. h5 fxe5 24. Bxe5 Nc6 25. Bf4 Rf7 26. Bg5 Qd6 27. Rf2 Rcf8 28. f4 h6 29. Bxh6 gxh6 30. g5 hxg5 31. Rg2 Bxg2 0-1

[Event "ROM-ch U10"]
[Site "Calimanesti"]
[Date "2015.04.05"]
[Round "8"]
[White "Stoian, Stefan Alexandru"]
[Black "Sida, Flavius Ovidiu"]
[Result "1-0"]
[WhiteElo "1218"]
[BlackElo "1071"]
[PlyCount "62"]
[EventDate "2015.03.30"]
[EventType "swiss"]
[EventRounds "9"]
[EventCountry "ROU"]
[SourceTitle "CBM 165 Extra"]
[Source "ChessBase"]
[SourceDate "2015.04.21"]
[SourceVersion "1"]
[SourceVersionDate "2015.04.21"]
[SourceQuality "1"]

1. e4 c5 2. Nc3 d6 3. g3 Nf6 4. Bg2 a6 5. a4 e6 6. Nge2 Be7 7. d3 Nbd7 8. 0-0 0-0 9. h3 b6 10. e5 Nd5 11. exd6 Bxd6 12. Nxd5 exd5 13. Bxd5 Rb8 14. Nf4 Bb7 15. Bxb7 Rxb7 16. Qf3 Qc7 17. Nd5 Qc8 18. Bf4 Qb8 19. Ne7+ Kh8 20. Nc6 Qc7 21. Ne7 Re8 22. Bxd6 Qxd6 23. Qxb7 Rxe7 24. Qc8+ Re8 25. Qxe8+ Qf8 26. Qxd7 g6 27. Rfe1 Kg7 28. Re8 Qxe8 29. Qxe8 Kf6 30. Re1 Kg7 31. Re7 Kh6 1-0

[Event "ROM-ch U10"]
[Site "Calimanesti"]
[Date "2015.04.01"]
[Round "3"]
[White "Sida, Flavius Ovidiu"]
[Black "Musca, Paul Constantin Cal"]
[Result "0-1"]
[WhiteElo "1071"]
[BlackElo "1251"]
[PlyCount "116"]
[EventDate "2015.03.30"]
[EventType "swiss"]
[EventRounds "9"]
[EventCountry "ROU"]
[SourceTitle "CBM 165 Extra"]
[Source "ChessBase"]
[SourceDate "2015.04.21"]
[SourceVersion "1"]
[SourceVersionDate "2015.04.21"]
[SourceQuality "1"]

1. d4 d5 2. c4 e6 3. Nc3 Bb4 4. Qa4+ Nc6 5. Qc2 Nf6 6. Bg5 Bxc3+ 7. bxc3 0-0 8. e3 Nb8 9. Nf3 b6 10. Be2 Bb7 11. 0-0 Nc6 12. Qd3 Nb8 13. cxd5 Bxd5 14. Bd1 Be4 15. Qe2 c5 16. Nd2 Bc6 17. Bc2 Qd5 18. Nf3 Nbd7 19. Bb3 Qf5 20. Bd1 Bxf3 21. Qxf3 Qxg5 22. Qb7 Qd5 23. Bf3 Qxb7 24. Bxb7 Rab8 25. Ba6 cxd4 26. cxd4 b5 27. Rab1 Nd5 28. Bxb5 Nc3 29. Rb3 Nxb5 30. Rfb1 a6 31. a4 Na3 32. Rxb8 Rxb8 33. Rxb8+ Nxb8 34. Kf1 Kf8 35. Ke2 Ke7 36. Kd3 Kd6 37. Kc3 Kc6 38. Kb4 Nc2+ 39. Kc3 Ne1 40. g3 Nf3 41. h4 Kb6 42. Kb4 Nc6+ 43. Kb3 Ka5 44. Ka3 Nb4 45. Kb3 Nd5 46. Kc4 Kxa4 47. e4 Nxd4 48. exd5 exd5+ 49. Kxd4 Kb3 50. Kd3 a5 51. Kd2 a4 52. Kc1 a3 53. Kb1 d4 54. f4 d3 55. Kc1 a2 56. Kd2 a1Q 57. Kxd3 Qc3+ 58. Ke4 Qxg3 0-1